1626 1880 1009 1187 1935 1933 1972 1645 1664 1643 1275 1170 1013 1582 1384 1075 1347 1880 1880 1324 1140 1299 1445 1736 1625 1030 1515 1218 1911 1199 1270 1304 1230 1975 1250 1924 1556 1503 1166 1109 1616 1693 1339 1660 1711 1544 1134 1598 1031 1474 1872 1672 1621 1428 1413 1579 1677 1161 1182 1266 1680 1874 1659 1178 1044 1972 1050 1343 1820 1458 1308 1262 1309 1000 1244 1385 1076 1739 1731 1425 1570 1692 1041 1292 1806 1094 1788 1097 1781 1589 1364 1950 1233 1176 1606 1740 2000 1797 1465 BCNSPRNW ULIB Ver.6.0+V

เปลี่ยนเป็นภาษาไทย

Change to English
 แสดงรายละเอียดบรรณานุกรม
  กลับหน้าหลัก

Brief Record : Get Marc (ISO 2709) : E-mail record : QR code < ปิดหน้าต่าง
LEADER : 00000nam 2200000uu 4500
001    13399111917
003     ULIB
008    110627s2552||||th 000 0 tha d
020    9789741095742
090    นว.^bซ141ป 2552
100 0  ซันชาย, ฮิเดโก๊ะ
245 00 ปฏิบัติการแอบถ่ายหัวใจเจ้าชายเย็นชา/^cซันชาย, ฮิเดโก๊ะ
250    พิมพ์ครั้งที่ 1
260    กรุงเทพฯ :^bแจ่มใส,^c2552
300    292 หน้า
710 1  แจ่มใส
945    ^p199^l0^i027274
995    ทศพร
999 ^a ใช้งานได้ทุกระบบ
รายการนี้ยังไม่มีแท็ก
คุณยังไม่ได้ล็อกอิน คุณสามารถมีกิจกรรมร่วมกับเว็บไซต์ได้ แต่ต้องล็อกอินก่อน ::
  ล็อกอิน

รายการสื่อสารสนเทศ

ลำดับที่ ประเภท เลขเรียก/บาร์โค้ด สถานที่ สถานะ
- ไม่พบข้อมูล -

BibComment


ยังไม่เคยถูกคอมเมนท์

คอมเมนท์ทรัพยากรรายการนี้
  คอมเมนท์: ปฏิบัติการแอบถ่าย..


 Copyright 2026. Bcnsprnw @Library